LEADER 01795nam 2200493 450 001 9910707838503321 005 20161222134153.0 035 $a(CKB)5470000002468175 035 $a(OCoLC)966689547 035 $a(EXLCZ)995470000002468175 100 $a20161222j199607 ua 0 101 0 $aeng 135 $aurbn||||||||| 181 $ctxt$2rdacontent 182 $cc$2rdamedia 183 $acr$2rdacarrier 200 10$aEarly results from solar dynamic space power system testing /$fRichard K. Shaltens and Lee S. Mason 210 1$aCleveland, Ohio :$cNational Aeronautics and Space Administration, Lewis Research Center,$dJuly 1996. 215 $a1 online resource (9 pages) $cillustrations 225 1 $aNASA technical memorandum ;$v107252 300 $a"July 1996." 300 $a"Performing organization: National Aeronautics and Space Administration, Lewis Research Center"--Report documentation page. 320 $aIncludes bibliographical references (page 9). 606 $aApplications programs (computers)$2nasat 606 $aDecoders$2nasat 606 $aFrequency division multiple access$2nasat 606 $aUplinking$2nasat 606 $aSatellite communication$2nasat 606 $aOnboard data processing$2nasat 615 7$aApplications programs (computers) 615 7$aDecoders. 615 7$aFrequency division multiple access. 615 7$aUplinking. 615 7$aSatellite communication. 615 7$aOnboard data processing. 700 $aShaltens$b Richard K.$01394550 702 $aMason$b Lee S. 712 02$aLewis Research Center, 801 0$bGPO 801 1$bGPO 906 $aBOOK 912 $a9910707838503321 996 $aEarly results from solar dynamic space power system testing$93479095 997 $aUNINA LEADER 02563nam 2200529 450 001 9910797113903321 005 20230807215858.0 010 $a0-85701-211-8 035 $a(CKB)3710000000431460 035 $a(EBL)2036605 035 $a(SSID)ssj0001497621 035 $a(PQKBManifestationID)12575501 035 $a(PQKBTitleCode)TC0001497621 035 $a(PQKBWorkID)11513998 035 $a(PQKB)11161721 035 $a(MiAaPQ)EBC2036605 035 $a(EXLCZ)993710000000431460 100 $a20150627h20152015 uy 0 101 0 $aeng 135 $aur|n|---||||| 181 $ctxt 182 $cc 183 $acr 200 10$aFoundations of theory for ancient Chinese medicine $eshang han lun and contemporary medical texts /$fGuohui Liu 210 1$aLondon, England ;$aPhiladelphia, Pennsylvania :$cSinging Dragon,$d2015. 210 4$dİ2015 215 $a1 online resource (282 p.) 300 $aDescription based upon print version of record. 311 $a1-84819-262-2 320 $aIncludes bibliographical references and indexes. 327 $aChapter 8 Nutritive Qi, Defensive Qi, Tai Yang Qi and Their TreatmentsChapter 9 Exploration of the Resolving Time for Diseases in Six Conformations; Appendix 1: Chinese Dynasties and Historical Periods; Appendix 2: Authors of Chinese Medicine Books; Bibliography; Subject Index; Author Index; Classic Texts Index; Herb and Formula Index; Pinyin Index 330 $aDiscussion of Cold Damage (Shang Han Lun) and contemporary texts of ancient China form the bedrock of modern Chinese medicine practice, yet these classic texts contain many concepts that are either hard to understand or confusing. Based on over thirty years' medical practice, and study of the texts, this book explains the concepts involved so that the clinical applications of the ancient texts can be better understood and put into practice. The author looks at the larger context of ancient Chinese culture and philosophy in terms of theoretical knowledge, scholarly approach, and mindset in orde 606 $aMedicine, Chinese 606 $aMedicine, Chinese$xHistory 606 $aHerbs$xTherapeutic use 615 0$aMedicine, Chinese. 615 0$aMedicine, Chinese$xHistory. 615 0$aHerbs$xTherapeutic use. 676 $a615.3/21 700 $aLiu$b Guohui$f1956-$01534186 801 0$bMiAaPQ 801 1$bMiAaPQ 801 2$bMiAaPQ 906 $aBOOK 912 $a9910797113903321 996 $aFoundations of theory for ancient Chinese medicine$93781532 997 $aUNINA